000 00611nam a2200205Ia 4500
001 3109
003 GE_BSU
008 181216s||||||||xx |||||||||||||| ||und||
040 _cGE_BSU
080 _a665.6/7
100 _aРыбак,Б.М
245 _aАнализ нефти и нефтепродуктов.
245 _cВед. ред. К.Ф.Клейменова и Е.С.Левина.
250 _aИздпятое, дополненое и переработанное.
260 _aМ.
260 _bГостоптехиздат.
260 _c1962.
300 _a888 стр. 27 см.
942 _cBK
999 _c37153
_d37153